| 000 | 01470cam a2200361 a 4500 | ||
|---|---|---|---|
| 001 | EDZ0000071573 | ||
| 003 | StDuBDS | ||
| 005 | 20161031105116.0 | ||
| 006 | m||||||||d|||||||| | ||
| 007 | cr ||||||||||| | ||
| 008 | 120405s2005 enka fo| 001|0|eng d | ||
| 020 |
_a9781446211885 (ebook) : _cNo price |
||
| 040 |
_aStDuBDS _beng _cStDuBDS _epn |
||
| 049 | _aAlfaisal Main Library | ||
| 050 | 0 |
_aLB2806 _b.W734 2005 |
|
| 082 | 0 | 4 |
_a371.2011 _223 |
| 100 | 1 |
_aWoods, Philip A., _d1950- |
|
| 245 | 1 | 0 |
_aDemocratic leadership in education _h[electronic resource] / _cPhilip A. Woods. |
| 260 |
_aLondon : _bPaul Chapman, _c2005. |
||
| 300 |
_a1 online resource (xxiv, 167 p.) : _bill. |
||
| 490 | 1 | _aLeading teachers, leading schools | |
| 504 | _aIncludes bibliographical references and index. | ||
| 520 | 8 | _aFocusing on the idea of democratic leadership, Philip Wood asks what forms it can take, shows how it is relevant to school education and learning, demonstrates how to put it into practice and sets out some of the challenges. | |
| 521 | _aSpecialized. | ||
| 588 | _aDescription based on print version record. | ||
| 650 | 0 | _aEducational leadership. | |
| 655 | 7 |
_aElectronic books. _2local |
|
| 710 | 2 | _aSage eBooks | |
| 776 | 0 | 8 |
_iPrint version : _z9781412902915 |
| 830 | 0 | _aLeading teachers, leading schools. | |
| 856 | 4 | 0 | _uhttp://ezproxy.alfaisal.edu/login?url=http://sk.sagepub.com/books/democratic-leadership-in-education |
| 942 |
_2lcc _cEBOOKS |
||
| 999 |
_c479478 _d479478 |
||